Csótó László rajzai A grafikusművész nagy érdeklődéssel várt kiállítása a komáromi Csemadok képtárában látható

Bibliographic Details
Main Author: Szuchy, Emil M., 1912-2005 (Author)
Format: Article
Language:Hungarian
Subjects:

MARC

LEADER 00000nab a2200000 a 4500
001 vtls000627825
003 SK-MaSNL
005 20260319075848.0
008 160322c1997 xo 0 hun
015 |a SNBRB19rr/mm-uuuuu 
035 |a CL0627964 
040 |a SNKBUCL  |b slo  |c SNKBUCL  |e AACR2 
041 0 |a hun 
044 |a xo  |c SK 
080 |a 76.071.1:061.4  |2 1981 
100 1 |a Szuchy, Emil M.,  |d 1912-2005  |4 aut  |9 17617 
245 1 0 |a Csótó László rajzai  |b A grafikusművész nagy érdeklődéssel várt kiállítása a komáromi Csemadok képtárában látható  |c Emil M. Szuchy 
300 |b Fotogr. 1 
600 1 7 |a Csótó, László  |d ?-  |x výstavy - Galéria Csemadoku, Komárno - jún 1997 - informácie  |2 snkbucl  |9 902924 
650 0 7 |a Csótó, László  |2 snkbucl  |9 902925 
650 0 7 |a Galéria Csemadok (Komárno, Slovensko)  |2 snkbucl  |9 902926 
651 7 |a 5204  |2 snkbucl  |9 376683 
655 7 |a články z novín a časopisov  |2 snkbucl  |9 267496 
773 0 |t Új szó  |g Roč. 50, č. 140 (19. 6. 1997), s. 9 
850 |a Slovenská národná knižnica v Martine  |a DSG001 
852 |a SNK  |b KIS3GCP 
958 |a HU 
958 |a BX 
958 |a SK 
958 |a RK 
958 |a RBX 
999 |c 1431069  |d 1432999